• 首页
  • 本馆介绍
  • 公告通知
  • 最新文献
  • 馆藏检索
  • 电子资源
  • 读者导购
  • 参考咨询
  • 我的图书馆
  • 登录
  • 详细信息显示
  • 放入我的书架
  • 预约/预借图书
  • 作者相关作品
  • 分类相关作品
  • 丛书相关作品
  • 出版社相关作品

书目信息

  • 表格格式
  • 工作单格式
  • 卡片格式
题名:
模仿、自立与创新
    
 
作者: 李文英 著
分册:  
出版信息: 石家庄   河北教育出版社  2001.12
页数: 304页
开本: 20cm
丛书名:
单 册:
中图分类: G531.394
科图分类:
主题词: 教育事业--世界
电子资源:
ISBN: 7-5434-4610-3
000 00698nam0 2200217 450
001 0762261140
005 20070125172046.98
010    @a7-5434-4610-3@dCNY14.40
100    @a20070125d2001 km y0chiy0120 ea
101 0  @achi
102    @aCN@b130000
200 1  @a模仿、自立与创新@Amo fang、zi li yu chuang xin@e近代日学习欧美教育研究@f李文英著@Fli wen ying zhu
210    @a石家庄@c河北教育出版社@d2001.12
215    @a304页@d20cm
300    @a河北省教委社科基金项目
517 1  @a近代日学习欧美教育研究@Ajin dai ri xue xi ou mei jiao yu yan jiu
606 0  @a教育事业@x世界
690    @aG531.394@v3
701  0 @a李文英@Ali wen ying@4著
801  0 @aCN@bPFT@c20070125
905    @a10447@dG531.394@e35
    
    模仿、自立与创新:近代日学习欧美教育研究/李文英著.-石家庄:河北教育出版社,2001.12
    304页;20cm
    河北省教委社科基金项目
    
    ISBN 7-5434-4610-3:CNY14.40
    
●
相关链接 在E读中查询图书 在五车中查询图书 在当当中查询图书 在豆瓣中查询图书


正题名:模仿、自立与创新     索取号:G531.394/35         预约/预借

序号 登录号 条形码 馆藏地/架位号 状态 备注
1 0506864   205068647   第一样本阅览室/ [索取号:G531.394/35] 在馆    
2 0506865   205068656   第四借阅区/ [索取号:G531.394/35] 在馆    
3 0506866   205068665   密集书库/ [索取号:G531.394/35] 在馆    
4 0506867   205068674   第四借阅区/ [索取号:G531.394/35] 在馆    
5 0506868   205068683   密集书库/ [索取号:G531.394/35] 在馆    
6 0506869   205068692   第四借阅区/ [索取号:G531.394/35] 在馆    
7 0506870   205068709   密集书库/ [索取号:G531.394/35] 在馆    
8 0506871   205068718   密集书库/ [索取号:G531.394/35] 在馆    
9 0506872   205068727   第四借阅区/ [索取号:G531.394/35] 在馆    
10 0506873   205068736   密集书库/ [索取号:G531.394/35] 在馆    
唐山师范学院图书馆 欢迎您!
大连网信软件有限公司© 版权所有